Clinical Examination/ (Record no. 20073)
[ view plain ]
| 000 -LEADER | |
|---|---|
| fixed length control field | 00461nam a22001577a 4500 |
| 008 - FIXED-LENGTH DATA ELEMENTS--GENERAL INFORMATION | |
| fixed length control field | 230316b |||||||| |||| 00| 0 eng d |
| 020 ## - INTERNATIONAL STANDARD BOOK NUMBER | |
| International Standard Book Number | 978-1907816758 |
| 050 ## - LIBRARY OF CONGRESS CALL NUMBER | |
| Classification number | RC76 |
| Item number | .C37 2014 |
| 100 ## - MAIN ENTRY--PERSONAL NAME | |
| Personal name | Cartledge, Peter |
| 245 ## - TITLE STATEMENT | |
| Title | Clinical Examination/ |
| Statement of responsibility, etc. | Peter Cartledge, Catherine Cartledge & Andrew Lockey |
| 260 ## - PUBLICATION, DISTRIBUTION, ETC. (IMPRINT) | |
| Place of publication, distribution, etc. | London |
| Name of publisher, distributor, etc. | JP medical Ltd |
| Date of publication, distribution, etc. | 2014 |
| 300 ## - PHYSICAL DESCRIPTION | |
| Extent | viii, 328p. |
| 700 ## - ADDED ENTRY--PERSONAL NAME | |
| Personal name | Cartledge, Catherine |
| 700 ## - ADDED ENTRY--PERSONAL NAME | |
| Personal name | Lockey, Andrew |
| 942 ## - ADDED ENTRY ELEMENTS (KOHA) | |
| Source of classification or shelving scheme | Library of Congress Classification |
| Koha item type | General Collection |
| Withdrawn status | Lost status | Source of classification or shelving scheme | Not for loan | Home library | Current library | Date acquired | Inventory number | Total Checkouts | Full call number | Barcode | Date last seen | Date last checked out | Copy number | Price effective from | Koha item type |
|---|---|---|---|---|---|---|---|---|---|---|---|---|---|---|---|
| Library of Congress Classification | Kabarak, Main Campus | Kabarak, Main Campus | 16/03/2023 | 2052/2022 | 2 | RC76 .C37 2014 C.1 | 34891 | 21/06/2024 | 07/06/2024 | C.1 | 16/03/2023 | General Collection |